El maratón: ­puedes hacerlo!

Uloženo v:
Podrobná bibliografie
Hlavní autor: Galloway, Jeff (Autor)
Médium: Kniha
Jazyk:španělština
Vydáno: Barcelona Paidotribo 2008
Vydání:1a. ed
Témata:
Tagy: Přidat tag
Žádné tagy, Buďte první, kdo vytvoří štítek k tomuto záznamu!

MARC

LEADER 00000nam a2200000 a 4500
001 UCG3401
003 CL-VaPUC
008 100826e20080000SP |||||||||||||||||spa|d
020 |a 9788480197335 
082 0 4 |a 796.42  |b GAL  |2 21 
100 |a Galloway, Jeff  |e author  |9 552517 
245 1 3 |a El maratón: ­puedes hacerlo! 
250 |a 1a. ed 
300 |a 271 p 
942 |c BK 
945 |d 20100826 00:00:00  |a mfarfan 
260 |a Barcelona  |b Paidotribo  |c 2008 
650 7 |a MARATON  |2 CL-VaPUC  |9 455018 
650 0 |a Atletismo  |9 307422 
650 7 |a ENTRENAMIENTO FISICO  |2 CL-VaPUC  |9 307393 
650 0 |a Actividad física  |9 362156 
583 |a last modification  |c 20100826 00:00:00  |k Rodrigo Vera 
999 |c 342469  |d 342467 
952 |0 0  |1 0  |4 0  |6 796_420000000000000_GAL_2008  |7 0  |8 C  |9 438678  |a BIBCUR  |b BIBCUR  |d 2019-11-22  |i 4712579  |o 796.42 GAL 2008  |p 4712579  |r 2025-04-22  |w 2019-11-22  |y BK  |k DEN